[Event "Nordic-ch U13"]
[Site "Drammen"]
[Date "2017.02.17"]
[Round "1"]
[White "Nielsen, Jon I Horni"]
[Black "Van den Brink, Nienke"]
[Result "1/2-1/2"]
[WhiteElo "1330"]
[BlackElo "1743"]
[PlyCount "47"]
[EventDate "2017.02.17"]
[EventType "swiss"]
[EventRounds "6"]
[EventCountry "NOR"]
[SourceTitle "CBM 177 Extra"]
[Source "ChessBase"]
[SourceDate "2017.04.27"]
[SourceVersion "1"]
[SourceVersionDate "2017.04.27"]
[SourceQuality "1"]

1. e4 e6 2. d4 d5 3. Nd2 Nf6 4. e5 Nfd7 5. Bd3 c5 6. c3 Nc6 7. Ne2 Be7 8. Nf3 Rb8 9. 0-0 b5 10. Be3 c4 11. Bc2 a5 12. Qd2 b4 13. Rfb1 Ba6 14. h3 Nb6 15. Nf4 a4 16. Nh5 Bf8 17. Bg5 Qc7 18. a3 b3 19. Bd1 Kd7 20. Qf4 Kc8 21. Qg4 Kb7 22. Bh4 Qd7 23. Be2 Ka7 24. Rd1 1/2-1/2

[Event "Farum Fureso op"]
[Site "Farum"]
[Date "2016.09.24"]
[Round "3"]
[White "Van den Brink, Nienke"]
[Black "Molgaard, Steen"]
[Result "0-1"]
[WhiteElo "1560"]
[BlackElo "1999"]
[PlyCount "66"]
[EventDate "2016.09.23"]
[EventType "swiss"]
[EventRounds "4"]
[EventCountry "DEN"]
[SourceTitle "EXT 2024"]
[Source "ChessBase"]
[SourceDate "2023.10.10"]
[SourceVersion "1"]
[SourceVersionDate "2023.10.10"]
[SourceQuality "1"]

1. e4 e6 2. d4 d5 3. exd5 exd5 4. c4 Nf6 5. Nc3 Be7 6. Bd3 0-0 7. Nf3 dxc4 8. Bxc4 Nbd7 9. 0-0 Nb6 10. Bb3 Nbd5 11. Re1 Re8 12. Bg5 c6 13. Ne5 Be6 14. f4 h6 15. Bxf6 Bxf6 16. Qf3 Qb6 17. Ne2 Rad8 18. Kh1 Nc7 19. Qh5 Bxb3 20. axb3 Re7 21. Ng3 Bxe5 22. dxe5 Rd5 23. Nf5 Red7 24. Qg4 Ne8 25. Nd6 Rd8 26. Nxf7 Kxf7 27. e6+ Kg8 28. Qg6 Nf6 29. Qf7+ Kh8 30. e7 Re8 31. Re6 Qxb3 32. g4 Qf3+ 33. Kg1 Rd2 0-1